[Event "EYCC 2017"]
[Site "Mamaia"]
[Date "2017.09.08"]
[Round "4"]
[White "Esipenko, Andrey"]
[Black "Pultinevicius, Paulius"]
[Result "1/2-1/2"]
[WhiteElo "2540"]
[BlackElo "2381"]
[Annotator "TA"]
[PlyCount "112"]
[EventDate "2017.??.??"]
[EventType "swiss"]
[EventCountry "ROU"]
[SourceTitle "playchess.com"]
[Source "ChessBase"]
[SourceQuality "1"]

{[%evp 18,112,12,-40,97,53,127,69,112,111,108,56,105,93,87,41,42,52,42,47,57,45,44,43,27,40,43,5,0,0,47,29,37,27,39,36,26,32,124,120,142,147,143,141,165,100,362,208,203,66,195,66,71,47,43,43,48,43,39,35,54,49,50,24,49,45,55,31,32,39,55,0,0,0,0,0,2,0,0,0,0,0,0,0,0,0,0,0,0,0,0,0,0,0,0,0,0]} 1. d4 Nf6 2. c4 g6 3. Nc3 d5 4. Bg5 Bg7 5. Bxf6 Bxf6 6. cxd5 {D80: Grünfeld: Unusual White 4th moves and 4 Bg5} c5 7. Nf3 cxd4 8. Nxd4 Qb6 9. e3 Qxb2 10. Bb5+ {LiveBook: 3 Games} (10. Rc1 $11) 10... Kf8 $146 (10... Nd7 $15 11. Rc1 O-O) ({Find the theoretical novelty and annotate with similar games:} 10... Nd7 11. Rc1 O-O 12. O-O {½-½ (40) Jobava,B (2717)-Radjabov,T (2726) Tashkent 2014}) 11. O-O $1 $16 Kg7 (11... a6 $1 $14) 12. Rc1 ({White should try} 12. Ne4 $1 $16) 12... Rd8 13. Qa4 Na6 14. a3 (14. Bxa6 $1 $16 bxa6 15. Nc6) 14... Nc5 {[#]} 15. Qc4 $1 a6 16. Qxc5 axb5 17. Ncxb5 Bd7 18. Rb1 Qd2 19. Nc7 Qa5 20. Nb3 Qxc5 21. Nxc5 Rxa3 22. Rxb7 Bc8 23. Rb6 Kh6 24. Nb5 Ra5 25. e4 Bd7 26. Nxd7 Rxd7 27. f4 Ra4 (27... Bb2 $14) 28. e5 $36 {[%mdl 2048] White has strong initiative.} Bh8 29. Nc3 Rc4 30. Rf3 Rdc7 31. Rb3 (31. Ne2 $18) 31... f6 $2 {[%mdl 8192]} (31... R7c5 $16) 32. e6 (32. d6 $142 Rc8 33. d7) 32... f5 $18 {[%cal Rh8c3]} 33. Rh3+ Kg7 {[#]} 34. Ne2 ({Only move:} 34. d6 $1 $18 {[%cal Rd6c7]} exd6 35. Nd5) 34... Re4 35. Rhe3 (35. Kf2 {is more complex.} Rc2 36. Rhe3 Rd4 37. Rb8 Rxd5 38. Re8) 35... Rxe3 36. Rxe3 $14 {[%mdl 4096] Endgame d6! is the strong threat. KRB-KRN} Kf8 37. Rb3 {aiming for Rb8+.} Bf6 38. Kf2 Rc2 39. Ke3 Rc5 40. Rd3 Ra5 41. g3 Ke8 42. Ng1 Kd8 43. Nf3 Ra4 44. Ne5 ({White should play} 44. Kf2 $1 $14) 44... Re4+ $11 {The position is equal.} 45. Kf3 Bxe5 46. fxe5 {KR-KR} g5 {[%cal Bg6g5,Bg5g4][%mdl 32]} 47. Ra3 (47. Re3 $5 {[%cal Re3e4]} Rd4 48. d6 g4+ 49. Ke2 exd6 50. exd6 Rxd6 51. Re5 $11) 47... g4+ 48. Kf2 {Threatens to win with Ra8+.} Rxe5 49. Ra8+ Kc7 50. Ra7+ Kd6 51. Rd7+ Kc5 52. Rxe7 {And now Rd7 would win.} Kxd5 53. Rxh7 Rxe6 54. Ra7 $1 Ke5 55. Ra2 Kf6 56. Kg2 Ke5 {Precision: White = 47%, Black = 51%.} 1/2-1/2

[Event "EYCC 2017"]
[Site "Mamaia"]
[Date "2017.09.08"]
[Round "4"]
[White "Sorokin, Aleksey"]
[Black "Livaic, Leon"]
[Result "1/2-1/2"]
[WhiteElo "2486"]
[BlackElo "2461"]
[Annotator "TA"]
[PlyCount "76"]
[EventDate "2017.??.??"]
[EventType "swiss"]
[EventCountry "ROU"]
[SourceTitle "playchess.com"]
[Source "ChessBase"]
[SourceQuality "1"]

{[%evp 18,76,20,18,35,29,33,27,28,25,31,26,35,11,50,18,25,11,22,0,0,0,37,0,0,-70,-64,-89,-69,-69,-80,-123,-56,-123,-69,-132,-112,-125,-56,-92,-58,-83,-68,-68,-68,-68,-68,-77,-68,-76,-68,-68,-54,-68,-54,-54,0,-68,0,-68,0]} 1. d4 Nf6 2. c4 e6 3. Nc3 Bb4 4. Qc2 d6 5. Nf3 Nbd7 6. g3 b6 7. Bg2 Bb7 8. O-O Bxc3 9. Qxc3 O-O 10. b4 {[%cal Bb2b4,Bb4b5][%mdl 32] LiveBook: 4 Games} a5 {E32: Nimzo-Indian: Classical (4 Qc2): 4...0-0} 11. b5 Qe7 (11... Re8 12. Ba3 Rc8 13. Rac1 Ba8 14. Rfd1 h6 15. c5 Bd5 16. Qb2 bxc5 17. dxc5 dxc5 18. Ne5 Nxe5 19. Qxe5 {1-0 (58) Iniyan,P (2346)-Shyam,S (2526) Barbera del Valles 2016}) 12. a4 $146 ({Predecessor:} 12. Ba3 Rae8 13. Ne5 Bxg2 14. Kxg2 Qd8 15. Nc6 Qa8 16. Qf3 e5 17. e3 exd4 18. exd4 {½-½ (34) Kauppila,O (2318)-Ladva,O (2423) Finland 2015}) 12... Rfe8 {White has an edge.} 13. Bb2 Rad8 14. Rfd1 h6 15. Rac1 (15. d5 $5) 15... Ba8 16. h3 Ne4 17. Qc2 f5 18. d5 Ndc5 19. Nd4 Qf7 20. dxe6 (20. g4 {feels hotter.} g6 21. gxf5 exf5 22. e3 Bb7 23. Ne2) 20... Nxe6 21. Nc6 (21. e3 $11) 21... Bxc6 $15 22. bxc6 N6c5 23. e3 Re7 24. Bd4 Kh8 ({Black should try} 24... Na6 $17 25. Qb2 Rf8) 25. Kh2 (25. Bxc5 $1 $15 Nxc5 26. Rd5) 25... Rde8 (25... Na6 $17 26. Qe2 Nb4) 26. Rf1 (26. Bxc5 $1 $15 Nxc5 27. Bf3) 26... Qg6 27. Rcd1 {[#]} Ne6 (27... Na6 $1 $17 28. Bc3 Nb8) 28. Qb2 Nxd4 29. Rxd4 Qf6 30. Qc2 h5 31. h4 g6 32. Rd5 Kg7 33. Bf3 Re5 34. Kg2 Nc5 35. Rfd1 Na6 36. Qd2 Nc5 37. Qc2 Na6 38. Qd2 $1 Nc5 {Precision: White = 30%, Black = 44%.} (38... R5e7 $15) 1/2-1/2

[Event "EYCC 2017"]
[Site "Mamaia"]
[Date "2017.09.08"]
[Round "4"]
[White "Van Foreest, Lucas"]
[Black "Macko, Miroslav"]
[Result "1-0"]
[WhiteElo "2485"]
[BlackElo "2303"]
[Annotator "TA"]
[PlyCount "82"]
[EventDate "2017.??.??"]
[EventType "swiss"]
[EventCountry "ROU"]
[SourceTitle "playchess.com"]
[Source "ChessBase"]
[SourceQuality "1"]

{[%evp 24,82,29,20,59,58,85,54,78,68,60,45,56,57,61,61,65,65,87,68,112,92,89,97,104,104,101,98,132,124,140,116,150,117,173,137,142,104,113,102,100,98,138,144,518,589,562,591,591,590,1542,1583,1509,1423,1448,1482,29981,29982,29981,29982,29982]} 1. d4 Nf6 2. c4 e6 3. Nc3 d5 4. cxd5 exd5 5. Bg5 Be7 6. e3 O-O 7. Bd3 Nbd7 8. Nge2 Re8 9. O-O c6 10. Qc2 Nf8 11. Rab1 Ng6 12. b4 a6 13. a4 {[%cal Ba2a4,Ba4b5][%mdl 32] LiveBook: 5 Games} Ne4 {[#] White must now prevent ...Nxc3. D36: Queen's Gambit Declined: Exchange Variation: Main line (5 Bg5 c6 6 Qc2)} 14. Bxe7 Qxe7 15. b5 axb5 {White is slightly better.} 16. axb5 (16. Bxe4 $5 dxe4 17. axb5 $16) 16... Nxc3 $146 ({Predecessor:} 16... Nh4 17. Nxe4 dxe4 18. Bc4 Bg4 19. Ng3 Nxg2 20. Kxg2 Qh4 21. Rfc1 Bf3+ {1-0 (37) Miraoui,K (2082)-Pujos,S (2297) France 2002}) 17. Qxc3 Ra3 18. Rb3 Rxb3 19. Qxb3 Bd7 20. Ra1 Qd6 21. Nc3 c5 {[#] And now ...c4 would win.} 22. Qxd5 Qxd5 23. Nxd5 cxd4 24. exd4 {[%cal Be3d4,Bd4d5][%mdl 32]} Rd8 25. Ne3 Be6 26. d5 Bd7 27. Ra7 Nf4 28. Bc4 Bc8 (28... Rb8 $16 {is a better defense.} 29. b6 Kf8) 29. Ra8 Kf8 30. g3 {[%cal Bg2g3,Bg3g4,Bg4h5][%mdl 32]} Nh3+ 31. Kg2 Ng5 {Hoping for ...Bh3+.} 32. g4 Ke7 33. Bd3 h5 $2 {[%mdl 8192]} (33... g6 $16 {is tougher.} 34. Ra3 h6) 34. Bf5 $18 Bd7 35. Rxd8 Kxd8 36. gxh5 f6 37. Bxd7 Kxd7 {KN-KN} 38. Nf5 Nf7 39. Kf3 Nd6 40. Nxd6 Kxd6 41. Ke4 b6 {Precision: White = 82%, Black = 40%.} 1-0

[Event "EYCC 2017"]
[Site "Mamaia"]
[Date "2017.09.08"]
[Round "4"]
[White "Thybo, Jesper Sondergaard"]
[Black "Haug, Johannes"]
[Result "1-0"]
[WhiteElo "2466"]
[BlackElo "2379"]
[Annotator "TA"]
[PlyCount "77"]
[EventDate "2017.??.??"]
[EventType "swiss"]
[EventCountry "ROU"]
[SourceTitle "playchess.com"]
[Source "ChessBase"]
[SourceQuality "1"]

{[%evp 17,77,9,18,0,0,0,0,-8,0,-25,0,-4,-3,-23,-26,-33,0,0,17,-15,0,-14,10,0,-5,-6,2,-26,6,-23,-23,-23,-35,-55,-25,-33,110,133,142,16,127,152,157,118,281,253,336,243,243,246,362,301,644,656,650,626,1445,1417,1401,1388,3152,2966]} 1. d4 e6 2. c4 Nf6 3. g3 Bb4+ 4. Bd2 a5 5. Bg2 d5 6. Qc2 O-O 7. Nf3 Be7 8. O-O c6 9. Bf4 Nbd7 {LiveBook: 131 Games} 10. cxd5 {E08: Closed Catalan: Main Line: 7 Qc2} (10. Nbd2 Nh5 11. Be3 Bd6 12. Nb3 Qe7 13. Nc1 b5 14. c5 Bc7 15. Bg5 f6 16. Bd2 f5 17. Nd3 Bb7 {½-½ (44) Tomashevsky,E (2724)-Riazantsev,A (2651) Novosibirsk 2016}) 10... exd5 11. Nc3 Nh5 12. Bc1 {The position is equal.} Nhf6 13. b3 $146 ({Find the theoretical novelty and annotate with similar games:} 13. Re1 b5 14. e4 b4 15. Na4 dxe4 16. Ng5 Nb6 17. Nc5 Qxd4 18. Ncxe4 Nxe4 19. Bxe4 Bxg5 20. Bxg5 h6 21. Be7 Be6 22. Bc5 Qc4 23. Bxb6 {1-0 (20) Klyszcz,M (2064)-Muenstermann,C (1838) Berlin 2011}) 13... Bd6 14. Bb2 Re8 15. Rad1 Nb6 16. Ne5 g6 (16... a4 $5) 17. f3 Qe7 (17... a4 $5) 18. Kh1 Be6 (18... a4 $5) 19. Rde1 Nfd7 (19... a4 $5) 20. Nxd7 Qxd7 21. e4 Bb4 22. a3 Bf8 (22... Bxc3 $5 23. Qxc3 (23. Bxc3 a4 $15) 23... a4 $15) 23. e5 a4 {And now ...axb3 would win.} 24. b4 $1 Nc4 25. Bc1 b6 26. f4 c5 (26... Rec8 $15 {stays ahead.}) 27. dxc5 $16 bxc5 28. Rd1 (28. bxc5 $16 {aiming for Rd1.} Bxc5 29. Rd1) 28... d4 (28... cxb4 $11 29. Nxd5 Bxd5 30. Rxd5 (30. Bxd5 Rac8 $14) 30... Nxa3 31. Bxa3 (31. Rxd7 Nxc2 32. Bd5 Red8 $11) 31... Qc8 32. Qxc8 Rexc8) 29. Ne4 $36 {[%mdl 2048] Black must now prevent Nf6+. Black is under strong pressure.} Be7 30. bxc5 Rac8 $2 {[#]} (30... Na5 $16 {was called for.}) 31. g4 $1 $18 Na5 32. Qf2 Bxg4 33. Rxd4 Qe6 (33... Qc7 {was necessary.} 34. Be3 Bf5) 34. Nd6 ({Less strong is} 34. Rxa4 Nb3 $18) 34... Nb3 $2 {[#]} (34... Bxd6 35. cxd6 Qd7) 35. Bd5 {White is clearly winning.} Nxd4 36. Bxe6 Bf3+ 37. Qxf3 Nxf3 38. Bxc8 Bxd6 39. exd6 {Precision: White = 45%, Black = 26%.} 1-0

[Event "EYCC 2017"]
[Site "Mamaia"]
[Date "2017.09.08"]
[Round "4"]
[White "Morozov, Nichita"]
[Black "Sousa, Andre Ventura"]
[Result "1-0"]
[WhiteElo "2461"]
[BlackElo "2386"]
[Annotator "TA"]
[PlyCount "81"]
[EventDate "2017.??.??"]
[EventType "swiss"]
[EventCountry "ROU"]
[SourceTitle "playchess.com"]
[Source "ChessBase"]
[SourceQuality "1"]

{[%evp 14,81,0,-20,-24,-14,-20,-16,0,-4,1,-3,33,31,33,35,50,25,90,96,85,94,79,85,110,110,103,94,120,122,127,118,136,123,143,139,151,151,154,107,235,229,306,301,321,304,451,466,444,419,475,484,462,500,822,810,927,867,1514,1450,2052,1567,1405,1305,12836,12837,12840,12839,12839,12840]} 1. d4 Nf6 2. Nf3 d5 3. c4 e6 4. Nc3 Bb4 5. e3 O-O 6. cxd5 {E50: Nimzo-Indian: Rubinstein: 4...0-0 5 Nf3} exd5 7. Bd3 c5 8. O-O {LiveBook: 5 Games. The position is equal.} (8. dxc5 Bg4 9. O-O Nbd7 10. Bd2 Bxf3 11. Qxf3 Nxc5 12. Qe2 d4 13. exd4 Qxd4 14. Bf5 g6 15. Bc2 {½-½ (28) Gelfand,B (2729)-Inarkiev,E (2702) Nazran 2017}) 8... c4 9. Bc2 Bg4 10. Ne2 Nc6 11. Ne5 Bh5 $146 ({Predecessor:} 11... Re8 12. Nxg4 Nxg4 13. Nf4 Nf6 14. b3 Bd6 15. Qf3 {1-0 (44) Farid,F (2422)-Nguyen,A (2461) Jakarta 2015}) 12. f4 Nxe5 13. fxe5 Ne4 14. Bxe4 dxe4 15. Bd2 (15. Rf5 $5 {[%cal Rf5h5]} Bg6 16. Rf1 $11) 15... Qa5 (15... Be7 $11) 16. Bxb4 $16 Qxb4 17. Qc2 Bxe2 18. Qxe2 a5 19. Qc2 b5 20. Rab1 Qa4 21. Qxa4 bxa4 {[%mdl 4096] Endgame KRR-KRR} 22. Rbc1 Rfc8 23. Rc3 Rab8 24. Rfc1 Rxb2 25. Rxc4 Rxc4 26. Rxc4 {[%cal Rc4c8] [#] KR-KR} Kf8 (26... f6 $16 {might work better.}) 27. Rxa4 $18 Ke7 28. Rxa5 Ke6 29. Kf1 Rc2 (29... g5 $142 30. Ra6+ Kd5) 30. Ra6+ Kf5 31. Ra7 Ke6 32. a4 {[%cal Ba2a4,Ba4a5][%mdl 32] White is clearly winning.} Ra2 33. a5 h5 (33... f6 $142 34. Ra6+ Ke7 35. exf6+ gxf6) 34. h4 f6 35. Rxg7 fxe5 36. dxe5 {[%cal Bd4e5,Be5e6,Be6e7][%mdl 32]} Rxa5 37. Rg6+ Kd5 38. Rg5 Kc4 39. e6 Ra8 40. e7 Kd3 41. Kf2 {Precision: White = 92%, Black = 21%.} 1-0

[Event "EYCC 2017"]
[Site "Mamaia"]
[Date "2017.09.08"]
[Round "4"]
[White "Kevlishvili, Robby"]
[Black "Mustafin, Andrey"]
[Result "1-0"]
[WhiteElo "2450"]
[BlackElo "2262"]
[Annotator "TA"]
[PlyCount "69"]
[EventDate "2017.??.??"]
[EventType "swiss"]
[EventCountry "ROU"]
[SourceTitle "playchess.com"]
[Source "ChessBase"]
[SourceQuality "1"]

{[%evp 31,69,51,35,8,25,-66,161,155,156,159,140,141,195,202,204,204,266,257,250,222,205,172,192,189,163,154,129,154,156,92,281,164,311,304,541,541,533,533,526,525]} 1. e4 e5 2. Nf3 Nc6 3. Bb5 a6 4. Ba4 Nf6 5. O-O b5 6. Bb3 Bc5 7. c3 d6 8. d4 Bb6 9. Be3 O-O 10. Nbd2 h6 11. h3 Re8 12. Re1 {C78: Ruy Lopez: Archangelsk and Möller Defences} exd4 13. cxd4 Na5 14. Bc2 Bb7 15. Qb1 Nc4 16. Nxc4 bxc4 {LiveBook: 6 Games} 17. Nd2 Rb8 {[#]} 18. f3 $146 (18. Qd1 $11) ({Predecessor:} 18. Nxc4 Bxe4 19. Bxe4 Rxe4 20. Qd3 Qe8 21. f3 {½-½ (30) Vachier Lagrave,M (2768)-Nakamura,H (2787) Saint Louis 2014}) 18... c3 $2 (18... d5 $1 $15 {stays ahead.} 19. e5 Nh5) 19. bxc3 $18 Ba5 {[#]} 20. Qc1 $1 Bxc3 {[#]} 21. Rb1 $1 c6 (21... Nd7 $16 22. Qa3 Bxd2 23. Bxd2 c5) 22. Ba4 Bxd2 23. Qxd2 {d5! is the strong threat.} Qc7 {[#]} 24. d5 $1 {[%mdl 512]} Rec8 (24... cxd5 25. Bb6) 25. Rec1 c5 26. Bd4 {[%cal Be3d4,Bd4c3,Bc3d2][%mdl 32] And now Bxf6 would win.} Qd8 27. Bc3 Ba8 28. Qd3 Nh5 29. Bd2 Qf6 30. Qc3 (30. Re1 $142) 30... Qg6 $2 (30... Qxc3 $16 31. Bxc3 Nf4) 31. Bd7 (31. Rxb8 $142 Rxb8 32. g4) 31... Ng3 (31... Rxb1 {was worth a try.} 32. Rxb1 Rf8) 32. Bxc8 Rxb1 $2 (32... Rxc8 33. Qc4 f5) 33. Rxb1 {White is clearly winning.} Ne2+ 34. Kf1 Nxc3 35. Rb8 {Precision: White = 56%, Black = 35%.} 1-0

[Event "EYCC 2017"]
[Site "Mamaia"]
[Date "2017.09.08"]
[Round "4"]
[White "Vykouk, Jan"]
[Black "Kouskoutis, Georgios-Alexandros"]
[Result "0-1"]
[WhiteElo "2440"]
[BlackElo "2314"]
[Annotator "TA"]
[PlyCount "60"]
[EventDate "2017.??.??"]
[EventType "swiss"]
[EventCountry "ROU"]
[SourceTitle "playchess.com"]
[Source "ChessBase"]
[SourceQuality "1"]

{[%evp 22,60,39,34,46,51,54,42,35,-31,-31,-68,-54,-183,-188,-187,-191,-272,-308,-373,-385,-590,-593,-577,-553,-637,-449,-435,-433,-467,-455,-670,-655,-622,-557,-658,-633,-936,-912,-29991,-29992]} 1. e4 c5 2. Nf3 g6 3. d4 cxd4 4. Nxd4 Bg7 5. Nc3 Nc6 6. Be3 Nf6 7. Bc4 O-O 8. Bb3 a6 9. f3 Qc7 10. Qd2 b5 11. O-O-O Bb7 12. h4 {LiveBook: 10 Games. B35: Sicilian: Accelerated Dragon with 5 Nc3: main line} h5 13. g4 {[%cal Bg2g4,Bg4g5][%mdl 32]} e6 $146 ({Predecessor:} 13... Na5 14. Bh6 Nxb3+ 15. axb3 b4 16. Nce2 hxg4 17. Bxg7 Kxg7 18. Qg5 Nh7 19. Qxe7 Qa5 20. Qxd7 gxf3 {1-0 (29) Cao,J (2332)-Panjwani,R (2400) Kitchener 2015}) 14. g5 {White is slightly better.} Ne8 15. Nxc6 (15. Nde2 $14) 15... Bxc6 $15 16. Bf4 d6 17. Bxd6 (17. a3 $15) 17... Nxd6 $19 18. Qxd6 {[#]} Qb6 $1 19. Kb1 (19. Ne2 $142 a5 20. c3) 19... Rfd8 20. Qf4 {[#]} a5 $1 {[%cal Ba6a5,Ba5a4][%mdl 32]} 21. Rd6 (21. Rxd8+ $142 Rxd8 22. Rd1) 21... Rxd6 22. Qxd6 Rd8 23. Qe7 Re8 24. Qd6 {White hopes to continue with Bd5.} Bf8 ({Less strong is} 24... a4 25. Bd5 $17) 25. Qf4 a4 26. Bd5 (26. Qc1 $142) 26... b4 27. Bxe6 fxe6 28. Ne2 Bg7 29. Qd6 b3 30. cxb3 Bxe4+ {Precision: White = 19%, Black = 100%.} 0-1

[Event "EYCC 2017"]
[Site "Mamaia"]
[Date "2017.09.08"]
[Round "4"]
[White "Sargsyan, Shant"]
[Black "Pantzar, Milton"]
[Result "1-0"]
[WhiteElo "2436"]
[BlackElo "2241"]
[Annotator "TA"]
[PlyCount "83"]
[EventDate "2017.??.??"]
[EventType "swiss"]
[EventCountry "ROU"]
[SourceTitle "playchess.com"]
[Source "ChessBase"]
[SourceQuality "1"]

{[%evp 16,83,5,5,5,6,13,13,8,6,8,7,18,22,22,15,21,10,25,0,43,40,55,51,81,81,102,59,56,70,41,55,80,74,79,83,157,115,170,114,102,116,116,92,92,81,295,175,320,333,327,322,422,418,415,372,398,403,424,408,726,708,1116,1084,2260,2143,5701,5601,5693,2188]} 1. d4 Nf6 2. Nf3 e6 3. c4 d5 4. Nc3 Bb4 5. Qa4+ Nc6 6. Bg5 dxc4 7. e4 h6 8. Bxf6 Qxf6 9. Bxc4 {LiveBook: 6 Games. D39: Queen's Gambit Declined: Ragozin Defence with 5 Bg5 dxc4} (9. e5 Qg6 10. a3 Bxc3+ 11. bxc3 O-O 12. Qxc4 Na5 13. Qd3 {½-½ (13) Delchev,A (2635)-Zelcic,R (2545) Zadar 2009}) 9... Bd7 10. Bb5 O-O 11. O-O {[#] aiming for Bxc6.The position is equal.} Bxc3 12. bxc3 a6 13. Bd3 e5 {Hoping for ...Nxd4.} 14. d5 $36 {[%mdl 2048] White has the initiative.} b5 15. Qa3 $146 ({Predecessor:} 15. Qb3 Ne7 16. c4 Ng6 {1-0 (55) Gvanceladze,A (2210)-Mirzoeva,E (2235) Moscow 2014}) 15... Ne7 {[%cal Bc6e7,Be7g6,Bg6f4][%mdl 32]} 16. c4 Ng6 17. Rfc1 Nf4 {[#] Threatens to win with ...b4!} 18. Bf1 Bg4 19. Nd2 {[%cal Bf3d2,Bd2b3,Bb3a5][%mdl 32]} Qg5 20. Qg3 c6 21. dxc6 b4 $1 22. a3 bxa3 23. Nb3 a5 {[%cal Ba6a5,Ba5a4][%mdl 32]} 24. Rxa3 a4 25. Rca1 Rab8 ({Better is} 25... Qg6) 26. Na5 Rb2 (26... Rfc8 $16 27. h3 (27. Rxa4 Be2 $16) 27... Bh5) 27. h3 (27. Rxa4 $18 Rc8 28. R4a2) 27... Be2 $16 28. Qxg5 hxg5 29. Rxa4 Bxf1 30. Kxf1 {Black must now prevent Nb7.} Nd3 $2 (30... Rc8 $16 {keeps fighting.}) 31. R4a2 (31. Nb7 $142 Rxf2+ 32. Kg1) 31... Rxa2 (31... Rb6 {was called for.} 32. Rd2 Nf4) 32. Rxa2 $18 {[%mdl 4096] Endgame KRN-KRN} Rc8 33. Rd2 Nb4 34. Rd6 Kf8 35. Ke2 Ke7 36. c5 Na6 37. Rd5 Ke6 (37... Nb4 $142 38. Rxe5+ Kf6) 38. Kd3 {White is clearly winning.} Nb4+ 39. Kc4 Nxd5 40. exd5+ {[%cal Be4d5,Bd5d6][%mdl 32]} Ke7 41. d6+ Ke6 42. c7 {Precision: White = 76%, Black = 34%.} 1-0

[Event "EYCC 2017"]
[Site "Mamaia"]
[Date "2017.09.08"]
[Round "4"]
[White "Matviishen, Viktor"]
[Black "Bykov, Oleg"]
[Result "1-0"]
[WhiteElo "2431"]
[BlackElo "2336"]
[Annotator "TA"]
[PlyCount "109"]
[EventDate "2017.??.??"]
[EventType "swiss"]
[EventCountry "ROU"]
[SourceTitle "playchess.com"]
[Source "ChessBase"]
[SourceQuality "1"]

{[%evp 21,109,42,45,45,45,38,40,40,60,66,41,43,23,14,50,49,52,54,58,50,56,46,104,17,36,40,22,27,40,33,45,0,71,55,64,44,53,47,56,0,0,0,0,0,0,-42,-33,-59,-51,-83,0,0,0,0,117,0,0,0,0,-20,0,0,0,0,0,0,0,0,0,0,0,0,0,0,495,331,387,387,387,387,364,355,333,295,29979,29980,29980,29981,29981,29982]} 1. d4 Nf6 2. c4 g6 3. Nc3 Bg7 4. e4 O-O 5. Nf3 d6 6. h3 e5 7. d5 a5 8. g4 Na6 9. Be3 Nd7 {E90: King's Indian: Classical: Early deviations and 6 h3} 10. a3 Nac5 (10... Nb6 11. Rg1 Bd7 12. h4 Nc5 13. b3 Kh8 14. a4 c6 15. dxc6 Bxc6 16. Bd3 Nbd7 17. Bc2 {½-½ (40) Tomashevsky,E (2696)-Saric,I (2618) Minsk 2017}) 11. Nd2 Bf6 {LiveBook: 6 Games. White is slightly better.} 12. h4 Bxh4 13. Qf3 Be7 $146 ({Predecessor:} 13... g5 14. Be2 Re8 15. O-O-O Nf8 16. Bxc5 dxc5 17. Nf1 {½-½ (26) Danenkov,P (2395)-Corbat,P (2399) ICCF email 2012}) 14. Be2 {aiming for Qh3.} (14. Qh3 Nf6 $11) 14... Re8 15. Rxh7 {[%csl Gh7][%cal Rf3f7]} Nf6 $1 {[%cal Rf6h7]} 16. Rh1 $1 Bxg4 17. Qg3 Qd7 18. f3 {[%mdl 1024] White has compensation.} Bh5 19. O-O-O {Bxc5 is the strong threat.} Kg7 $1 20. Rdg1 Rh8 21. Bf1 Rag8 (21... b6 $14) 22. Kc2 ({White should play} 22. f4 $16) 22... Na4 23. Bh3 Qe8 24. Nxa4 Qxa4+ 25. b3 Qe8 $1 (25... Qxa3 $2 26. Ra1 $18) 26. f4 exf4 (26... Bd8 $1 $11) 27. Qxf4 $16 (27. Bxf4 Nd7 $11) 27... Nd7 28. Bxd7 Qxd7 29. Bd4+ f6 30. Nf1 (30. Kb2 $14) 30... Kf7 $11 31. Ne3 g5 32. Qf2 $36 {[%mdl 2048] White has good play.} Bg6 33. Nf5 Bxf5 34. exf5 a4 35. b4 {[#]} b5 (35... c5 $1 $17 {[%cal Rc5d4][%mdl 512]} 36. bxc5 dxc5) 36. Qf3 $1 bxc4 37. Rh5 Ke8 {[#]} (37... Rxh5 $11 38. Qxh5+ Kf8 39. Qh6+ Kf7 40. Qh5+ Kf8 41. Qh6+ Kf7 42. Qh5+) 38. Rgh1 ({White has to play} 38. Rgxg5 $1 $16 {[%mdl 512] Hoping for Rxh8.} Rxg5 (38... fxg5 39. Bxh8) 39. Rxh8+ Bf8 40. Qe2+ (40. Bxf6 Qxf5+ 41. Qxf5 Rxf5 $16) 40... Qe7 41. Qe6 (41. Qxc4 Qe4+ 42. Qd3 Rg2+ 43. Kc3 Qxd5 $17)) 38... Rxh5 39. Qxh5+ Kd8 40. Qh7 Re8 {Threatens to win with ...c5.} 41. Re1 $1 Kc8 (41... c3 $5) 42. Kc3 Kd8 43. Kxc4 c5 $1 {[%cal Rc5d4]} 44. Bc3 cxb4 45. Bxb4 Qc8+ 46. Kd3 Qa6+ 47. Kc3 Qc8+ $2 {[%mdl 8192] [#]} (47... Qb7 $11 {and Black has nothing to worry.}) 48. Kb2 $1 $18 {White threatens Ba5+ and mate.} Qc4 49. Qf7 {Threatening mate with Ba5+.} Qd4+ {[#]} 50. Bc3 $1 {[%cal Rc3d4]} Qf2+ ({Much worse is} 50... Qc5 51. Rc1 $18) 51. Ka1 {Intending Ba5+ and mate.} Qc5 52. Bb2 Qc8 $2 (52... g4 $18 53. Qe6 Qc8) 53. Bxf6 {White mates.} Qd7 54. Rxe7 Rxe7 55. Qf8+ {Precision: White = 66%, Black = 70%.} 1-0